Statistics for Infamous American Criminals

Click here to take the quiz!

General Stats

  • This quiz has been taken 141 times
  • The average score is 8 of 14

Answer Stats

Hint Answer % Correct
Chicago's most famous mobsterAl Capone
91%
Couple who robbed banks and were killed in a police shootoutBonnie Parker
81%
Clyde Barrow
81%
Old West gunfighter known for killing lawmen, once thought to be left-handedBilly the Kid
69%
Tried for murdering her parents with an ax, but acquittedLizzie Borden
60%
Famous bank robber, gunned down by FBI agents in ChicagoJohn Dillinger
56%
Formed a cult that eventually committed mass suicide by drinking poisonJim Jones
53%
Prohibition-era gangster nicknamed for his weapon of choiceMachine Gun Kelly
48%
Confederate guerrilla turned Wild West outlawJesse James
44%
1930's bank robber nicknamed for his youthful featuresBaby Face Nelson
42%
Sundance Kid
39%
Old West outlaws who fled to South America to escape Pinkerton detectivesButch Cassidy
38%
Held an airplane for ransom, escaped by parachute, and was never caughtD.B. Cooper
32%
19th century Chicago serial killer, known for his "Murder Castle."H.H. Holmes
22%

Score Distribution

Percentile by Number Answered

Percent of People with Each Score

Your Score History

You have not taken this quiz